| 000 | 00375nam a2200157Ia 4500 | ||
|---|---|---|---|
| 008 | 241228s9999 xx 000 0 und d | ||
| 020 | _a9780367555016 | 9781032634920 | ||
| 082 | _a512.02 HOD/A | ||
| 100 | _aHodge, Jonathan K | ||
| 245 | 0 | _aAbstract algebra : | |
| 260 | _aBoca Raton, | ||
| 260 | _bCRC Press, | ||
| 260 | _c2024 | ||
| 300 | _axxii, 523p. | ||
| 942 | _cBK | ||
| 999 |
_c40087 _d40087 |
||